| 000 | 00374nam a22001457a 4500 | ||
|---|---|---|---|
| 008 | 231129b |||||||| |||| 00| 0 eng d | ||
| 082 | _a612 AGA | ||
| 100 | _aAgarwala, R.K. | ||
| 245 | _aA Guide to Biochemistry | ||
| 250 | _a11th ed. | ||
| 260 |
_aDhaka : _bJ.N Prakashani, _c2005. |
||
| 300 |
_a386 p: _bill, _c23.9 Cm. |
||
| 700 |
_aAgarwala, B.K. _eAuthor |
||
| 942 | _2ddc | ||
| 999 |
_c9749 _d9750 |
||